[Event "Kandidatklassen"]
[Site "Taastrup"]
[Date "1998.??.??"]
[Round "5"]
[White "Larsen, Peter"]
[Black "Hansen, Lars"]
[Result "1-0"]
[WhiteElo "2275"]
[BlackElo "2245"]
[PlyCount "79"]
[EventDate "1998.??.??"]
[EventType "swiss"]
[EventRounds "7"]
[EventCountry "DEN"]
[Source "ChessBase"]
[SourceDate "1999.11.16"]

1. d4 d5 2. c4 dxc4 3. e3 Nf6 4. Bxc4 e6 5. Nf3 c5 6. O-O a6 7. dxc5 Bxc5 8.
Qxd8+ Kxd8 9. a3 b5 10. Be2 Bb7 11. b4 Bd6 12. Bb2 Nbd7 13. Nbd2 Ke7 14. Bd3
Rhd8 15. e4 Bf4 16. Rad1 Nc5 17. Bxb5 axb5 18. bxc5 Nxe4 19. Nxe4 Bxe4 20. Nd4
Bd5 21. Rfe1 Rdc8 22. g3 Bg5 23. Nxb5 Rxc5 24. a4 Kd7 25. Bxg7 Rxa4 26. Nc3
Rac4 27. Ne4 Be7 28. Nxc5+ Bxc5 29. Rc1 Kc6 30. Rxc4 Bxc4 31. Rc1 Kd5 32. Rd1+
Kc6 33. Bd4 Be7 34. Be3 f5 35. Ra1 e5 36. Ra7 Bb4 37. Rxh7 Kd5 38. Ba7 Be1 39.
Rd7+ Ke4 40. Kg2 1-0

[Event "Kandidatklassen"]
[Site "Taastrup"]
[Date "1998.??.??"]
[Round "7"]
[White "Pedersen, Daniel Vesterbaek"]
[Black "Husted, Peter"]
[Result "1-0"]
[WhiteElo "2250"]
[BlackElo "2160"]
[PlyCount "97"]
[EventDate "1998.??.??"]
[EventType "swiss"]
[EventRounds "7"]
[EventCountry "DEN"]
[Source "ChessBase"]
[SourceDate "1999.11.16"]

1. d4 d5 2. c4 c6 3. Nc3 Nf6 4. e3 g6 5. Nf3 Bg7 6. Bd3 O-O 7. O-O Nbd7 8. cxd5
cxd5 9. b3 b6 10. a4 Bb7 11. Ba3 Rc8 12. Rc1 Ne4 13. Ne2 Re8 14. Ng3 e6 15. Qe2
Bf8 16. Rxc8 Qxc8 17. Rc1 Qa8 18. Bxf8 Nxf8 19. Rc7 Nxg3 20. hxg3 Rc8 21. Qc2
f6 22. Kf1 Qb8 23. Rxc8 Qxc8 24. Qxc8 Bxc8 25. Ke2 Kf7 26. Kd2 Ke7 27. Kc3 Kd6
28. Nd2 e5 29. b4 g5 30. a5 h6 31. Nb1 Ne6 32. Bf5 Ba6 33. Na3 Nc7 34. Bd3 Bxd3
35. Kxd3 e4+ 36. Kc3 Kc6 37. Kb3 Nb5 38. axb6 axb6 39. Nxb5 Kxb5 40. g4 Ka6 41.
f3 exf3 42. gxf3 Kb5 43. e4 Kc6 44. Ka4 Kd6 45. Kb5 dxe4 46. fxe4 f5 47. exf5
h5 48. gxh5 g4 49. h6 1-0

[Event "Kandidatklassen"]
[Site "Taastrup"]
[Date "1998.??.??"]
[Round "2"]
[White "Pedersen, Daniel Vesterbaek"]
[Black "Jacobsen, Bo"]
[Result "1-0"]
[WhiteElo "2250"]
[BlackElo "2290"]
[PlyCount "73"]
[EventDate "1998.??.??"]
[EventType "swiss"]
[EventRounds "7"]
[EventCountry "DEN"]
[Source "ChessBase"]
[SourceDate "1999.11.16"]

1. d4 Nf6 2. c4 d6 3. Nc3 e5 4. Nf3 exd4 5. Nxd4 g6 6. Bg5 Nbd7 7. e3 Bg7 8.
Qc2 O-O 9. O-O-O c6 10. h4 Re8 11. Be2 Nc5 12. h5 a5 13. hxg6 hxg6 14. Rh4 a4
15. Rdh1 a3 16. b3 Qe7 17. g4 Bd7 18. Bh6 Bxh6 19. Rxh6 Bxg4 20. Bxg4 Nxg4 21.
Rh8+ Kg7 22. R8h7+ Kf6 23. R1h3 Qf8 24. Rf3+ Ke7 25. Qxg6 Ne5 26. Qg5+ Kd7 27.
Rf6 Qg8 28. Rg7 Qh8 29. Rh6 Qf8 30. Kc2 Kc7 31. Rhh7 Re7 32. Ndb5+ Kb6 33. Nxd6
Rd8 34. b4 Rxd6 35. bxc5+ Kxc5 36. Ne4+ Kxc4 37. Nxd6+ 1-0

[Event "Kandidatklassen"]
[Site "Taastrup"]
[Date "1998.??.??"]
[Round "5"]
[White "Pedersen, Jan"]
[Black "Antonsen, Mikkel"]
[Result "1/2-1/2"]
[WhiteElo "2365"]
[BlackElo "2405"]
[PlyCount "71"]
[EventDate "1998.??.??"]
[EventType "swiss"]
[EventRounds "7"]
[EventCountry "DEN"]
[Source "ChessBase"]
[SourceDate "1999.11.16"]

1. e4 c5 2. Nf3 Nc6 3. Bb5 e6 4. O-O Nge7 5. Re1 a6 6. Bf1 d5 7. exd5 Nxd5 8.
d3 Be7 9. Nbd2 O-O 10. g3 f6 11. c3 Re8 12. d4 cxd4 13. Nxd4 Nxd4 14. cxd4 Bb4
15. a3 Bxd2 16. Bxd2 Bd7 17. Re4 Re7 18. Rh4 Be8 19. Bd3 g6 20. Rc1 Qb6 21. b4
Rd8 22. Rc5 Qd6 23. Qc2 b6 24. Rc8 Rc7 25. Rxc7 Qxc7 26. Qb1 b5 27. Re4 Qd6 28.
Qc2 Nb6 29. Qc5 Bc6 30. Re1 Na4 31. Qxd6 Rxd6 32. Bc2 Rxd4 33. Rxe6 Bd5 34. Be3
Rc4 35. Rd6 Rxc2 36. Rxd5 1/2-1/2

[Event "Kandidatklassen"]
[Site "Taastrup"]
[Date "1998.??.??"]
[Round "4"]
[White "Pedersen, Jan"]
[Black "Borbjerggaard, Lars"]
[Result "0-1"]
[WhiteElo "2365"]
[BlackElo "2360"]
[PlyCount "140"]
[EventDate "1998.??.??"]
[EventType "swiss"]
[EventRounds "7"]
[EventCountry "DEN"]
[Source "ChessBase"]
[SourceDate "1999.11.16"]

1. b3 b6 2. Bb2 Bb7 3. e3 e6 4. Nf3 f5 5. Be2 Nf6 6. c4 Be7 7. Nc3 O-O 8. d3 h6
9. Qd2 d6 10. h3 e5 11. O-O-O Nbd7 12. Rhg1 Nh7 13. d4 e4 14. Ne1 Qe8 15. f4
exf3 16. Bxf3 Bg5 17. Nc2 Bxf3 18. gxf3 f4 19. e4 Qh5 20. Qg2 Rf7 21. Kb1 Nhf8
22. Nb5 Bd8 23. Nb4 a6 24. Nc3 Ne6 25. Nc6 Ng5 26. Rdf1 Qxh3 27. Nd5 Qxg2 28.
Rxg2 Ne6 29. e5 dxe5 30. Re2 Nxd4 31. Bxd4 exd4 32. Re8+ Rf8 33. Rxf8+ Nxf8 34.
Nxf4 Bg5 35. Nd5 Ne6 36. Re1 Nf4 37. Nxd4 Nxd5 38. cxd5 Rd8 39. Ne6 Rxd5 40.
Nxc7 Rd3 41. Rf1 a5 42. Nb5 Rd2 43. Na3 b5 44. Nxb5 Bf6 45. f4 Rh2 46. Kc1 Rxa2
47. Rf3 Kf7 48. f5 Be5 49. Na7 Kf6 50. Nc6 Bc7 51. b4 a4 52. b5 Bd6 53. Rd3
Bf4+ 54. Kb1 Rd2 55. Rf3 Bd6 56. b6 Rd5 57. Ka2 Rc5 58. Nd4 Rc4 59. Nb5 Be5 60.
Ka3 Rc6 61. b7 Rb6 62. Kxa4 Rxb7 63. Kb4 Rd7 64. Kc4 Rd1 65. Rd3 Rxd3 66. Kxd3
Kxf5 67. Ke3 h5 68. Kf2 Ke4 69. Kg2 g5 70. Na7 g4 0-1